000 00827nam a22002297a 4500
005 20240530110407.0
008 150204s2008 ua g 000 0 ara d
017 _a2008/3295
_bمصر . دار الكتب المصرية
020 _a9773682110
040 _aEG-CaGPL
041 0 _aara
082 0 4 _221
_a813.009\
_bش غ
100 0 _aشوقى بدر يوسف
245 1 0 _aغواية الرواية :
_bدراسات فى الرواية العربية /
_cشوقى بدر يوسف
250 _aط1
260 _aالاسكندرية :
_bمؤسسة حورس الدولية للنشر و التوزيع ،
_c2008
300 _a252 ص ؛
_c24 سم
650 0 4 _aالادب العربى
650 0 4 _aالقصص العربية
_xتاريخ و نقد
942 _2ddc
_cBK
999 _c60377
_d60377